| Tag |
First Indicator |
Second Indicator |
Subfields |
| LEADER |
00000cam a2200000 a 4500 |
| 001 |
in00001402995 |
| 005 |
20151020053114.0 |
| 008 |
961028s1996 sp b 001 0 spa c |
| 020 |
|
|
|a 8474237777
|
| 035 |
|
|
|a (OCoLC)35913442
|
| 035 |
|
|
|9 AHM7041AM
|
| 040 |
|
|
|a PL#
|b spa
|c PL#
|d I5B
|d NYP
|d GZM
|d UIU
|d TXA
|d UtOrBLW
|
| 042 |
|
|
|a pcc
|
| 049 |
|
|
|a TXAM
|
| 050 |
|
4 |
|a PN56.L6
|b S47 1996
|
| 092 |
0 |
|
|a 809
|b Se66t
|2 21
|
| 100 |
1 |
|
|a Serés, Guillermo.
|
| 245 |
1 |
3 |
|a La transformación de los amantes :
|b imágenes del amor de la Antigüedad al Siglo de Oro /
|c Guillermo Serés.
|
| 264 |
|
1 |
|a Barcelona :
|b Crítica,
|c [1996]
|
| 264 |
|
4 |
|c ©1996
|
| 300 |
|
|
|a 398 pages ;
|c 21 cm.
|
| 336 |
|
|
|a text
|b txt
|2 rdacontent
|
| 337 |
|
|
|a unmediated
|b n
|2 rdamedia
|
| 338 |
|
|
|a volume
|b nc
|2 rdacarrier
|
| 490 |
1 |
|
|a Filología
|
| 504 |
|
|
|a Includes bibliographical references and indexes.
|
| 650 |
|
0 |
|a Love in literature
|x History and criticism.
|
| 830 |
|
0 |
|a Filología.
|
| 948 |
|
|
|a c:pk
|
| 999 |
|
|
|a MARS
|
| 999 |
f |
f |
|s 5a89b07e-d735-3c4f-ba6f-54f1d15c34e3
|i 30a5443b-c2fd-3a66-b3ba-3d28297d1323
|t 0
|
| 952 |
f |
f |
|p ric
|a Texas A&M University
|b Rellis Campus
|c Joint Library Facility
|d Remote Storage
|t 0
|e PN56.L6 S47 1996
|h Library of Congress classification
|i unmediated -- volume
|m A14822529174
|
| 998 |
f |
f |
|a PN56.L6 S47 1996
|t 0
|l Remote Storage
|